000 00515nam a2200169Ia 4500
999 _c36402
_d36402
003 OSt
005 20201113092647.0
008 190216s9999||||xx |||||||||||||| ||und||
040 _coclc
082 _a801.95
_bRAM/M
100 _a Ramanujam, Renga P
_96327
245 0 _aMarxism, Ideology And Literary Criticism /
_cP Renga Ramanujam
260 _bManak Publications Pvt Ltd,
_c1996.
_aNew delhi:
300 _a199p
650 _aHistory
942 _cREF
_2ddc
_h801.95
_iRAM/M
_k801.95
_mRAM/M